书目信息 |
| 题名: |
三角学辞典
|
|
| 作者: | 祾部贞市郎 著 ;肖禾 编译 | |
| 分册: | ||
| 出版信息: | 上海 上海教育出版社 1983 |
|
| 页数: | 748页 | |
| 开本: | 21cm | |
| 丛书名: | ||
| 单 册: | ||
| 中图分类: | O124-44 | |
| 科图分类: | ||
| 主题词: | 三角-初等数学--词典 , 初等数学-三角--词典 | |
| 电子资源: | ||
| ISBN: | ||
| 000 | 00705nam0 2200253 45 | |
| 001 | 0183012176 | |
| 005 | 20061118164319.76 | |
| 010 | @b精装@dCNY4.20 | |
| 091 | @aCN@b17150.8 | |
| 100 | @a19950726d1983 em y0chiy0121 ea | |
| 101 | 1 | @achi@cjpn |
| 102 | @aCN@b310000 | |
| 105 | @ay e 000yy | |
| 200 | 10 | @a三角学辞典@Asan jiao xue ci dian@e问题解法@f(日)祾部贞市郎编@g肖禾编译 |
| 210 | @a上海@c上海教育出版社@d1983 | |
| 215 | @a748页@d21cm | |
| 606 | @a三角-初等数学@x词典 | |
| 606 | @a初等数学-三角@x词典 | |
| 690 | @aO124-44@v3 | |
| 701 | 0 | @a祾部贞市郎@Ati bu zhen shi lang@4著 |
| 702 | 0 | @a肖禾@Axiao he@4编译 |
| 801 | 2 | @aCN@bNLC@c20061118 |
| 801 | 0 | @aCN@bTSSF |
| 905 | @a10447@dO124-44@e8 | |
| 三角学辞典:问题解法/(日)祾部贞市郎编/肖禾编译.-上海:上海教育出版社,1983 |
| 748页;21cm |
| ISBN (精装):CNY4.20 |
| ● |
| 相关链接 |
|
|
|
|
正题名:三角学辞典
索取号:O124-44/8
 
预约/预借
| 序号 | 登录号 | 条形码 | 馆藏地/架位号 | 状态 | 备注 |
| 1 | 0232291 | 000554581 | 第二样本阅览室/ [索取号:O124-44/8] | 在馆 |